El ambiente geográfico, histórico y social de Fray Pedro de Gante hasta el año de 1523 (Record no. 3254)

MARC details
000 -CABECERA
campo de control de longitud fija 00666nam a2200217 a 4500
001 - NÚMERO DE CONTROL
campo de control BRCA_3519
005 - FECHA Y HORA DE LA ÚLTIMA TRANSACCIÓN
campo de control 20190320204322.0
008 - DATOS DE LONGITUD FIJA--INFORMACIÓN GENERAL
campo de control de longitud fija 260709s1943----mx-a---###---#000-0#spa-#
041 ## - CÓDIGO DE LENGUA
Código de lengua del texto/banda sonora o título independiente spa
044 ## - CÓDIGO DEL PAÍS DE LA ENTIDAD EDITORA/PRODUCTORA
Código MARC del país mx
050 #4 - SIGNATURA TOPOGRÁFICA DE LA BIBLIOTECA DEL CONGRESO
Número de clasificación BX4705.G3
Número de documento/Ítem .Ch38 1943
100 1# - ENTRADA PRINCIPAL--NOMBRE DE PERSONA
Nombre de persona Chávez, Ezequiel Adeodato
Fechas asociadas al nombre 1868-1946.
9 (RLIN) 9144
245 10 - MENCIÓN DE TÍTULO
Título El ambiente geográfico, histórico y social de Fray Pedro de Gante hasta el año de 1523
Mención de responsabilidad, etc. Ezequiel A. Chávez.
260 ## - PUBLICACIÓN, DISTRIBUCIÓN, ETC.
Lugar de publicación, distribución, etc. México
Nombre del editor, distribuidor, etc. Jus
Fecha de publicación, distribución, etc. 1943
300 ## - DESCRIPCIÓN FÍSICA
Extensión 197 p.
Otras características físicas il.
Dimensiones 22 cm.
500 ## - NOTA GENERAL
Nota general Ejemplar no. 248 firmado por el autor
500 ## - NOTA GENERAL
Nota general B123
600 14 - PUNTO DE ACCESO ADICIONAL DE MATERIA--NOMBRE DE PERSONA
Nombre de persona Gante, Fray Pedro de
Fechas asociadas al nombre 1479-1572
9 (RLIN) 9145
902 ## - CATALOGADOR
Iniciales GFM
942 ## - ELEMENTOS DE PUNTO DE ACCESO ADICIONAL (KOHA)
Fuente del sistema de clasificación o colocación Library of Congress Classification
Tipo de ítem Koha Libros
Holdings
Estado de retiro Estado de pérdida Estado dañado No para préstamo Localización permanente Ubicación/localización actual Fecha de adquisición Número de inventario Total de préstamos Signatura topográfica completa Código de barras Fecha visto por última vez Precio válido a partir de Tipo de ítem Koha
El ejemplar forma parte de la colección y puede ser consultado según las políticas vigentes.       Biblioteca del Museo Franz Mayer (Rogerio Casas-Alatriste) Biblioteca del Museo Franz Mayer (Rogerio Casas-Alatriste) 26/07/2009 B123   BX4705.G3 .Ch38 1943 (B123) 3516 22/03/2019 22/03/2019 Libros